| 000 | 00359nam a2200145Ia 4500 | ||
|---|---|---|---|
| 005 | 20251222142023.0 | ||
| 008 | 251222s9999||||xx |||||||||||||| ||spa|| | ||
| 020 | _a8470506897 | ||
| 082 | _a200/G14 | ||
| 100 | _aGaliano Rodrigo, José A. | ||
| 245 | 0 | _aEl Encuentro con Cristo, Fuente de Felicidad | |
| 250 | _a1ra. ed. | ||
| 264 | _bEDICEP | ||
| 942 | _cLIB | ||
| 999 |
_c10726 _d10726 |
||